000 01217nam a2200253 a 4500
005 20250617063820.0
008 070419s2005 mx r 000 0 spa d
020 _a9707016272
035 _aUPN01000150091
049 _aCG
050 4 _aHC140 E4.4
_bG3.3
100 1 _aGarza Cantú, Vidal,
_d1968-
245 1 4 _aLos estados mexicanos :
_bsus activos y su dinamismo económico y social /
_cVidal Garza Cantú, José Polendo Garza, Francisco García Hernández.
260 _aMéxico :
_bM. A. Porrúa :
_bInstituto Tecnológico de Estudios Superiores de Monterrey, Escuela de Graduados en Administración Pública y Política Pública :
_bCámara de Diputados, LIX Legislatura,
_c2005.
300 _a178 p. :
_bmapas +
_e1 CD-ROM ; 4 3/4 plg.
440 0 _aConocer para decidir
538 _aPara visualizar adecuadamente los archivos de apoyo incluidos en el CD-ROM, es necesario tener instalado Acrobat Reader en versión 5 o superior
650 4 _aDesarrollo económico
_zMéxico
_912453
651 4 _aMéxico
_xCondiciones económicas
_95661
651 4 _aMéxico
_xCondiciones sociales
_94559
700 1 _aPolendo Garza, José,
_ecoaut.
700 1 _aGarcía Hernández, Francisco,
_ecoaut.
905 _aLibro
999 _c122232
_d122232